Ryder Cup Winners - Statistics

General Stats
  • This quiz has been taken 56 times
  • The average score is 17 of 23
Answer Stats
Question Answer % Correct
2025 - Bethpage Black Course, USA Europe
98%
2023 - Marco Simone Golf and Country Club, Italy Europe
96%
2021 - Whistling Straits, USA USA
94%
2014 - Gleneagles Hotel, Scotland Europe
90%
2016 - Hazeltine National Golf Club, USA USA
88%
2018 - Le Golf National, France Europe
86%
1999 - The Country Club, USA USA
84%
2012 - Medinah Country Club, USA Europe
80%
2010 - Celtic Manor Resort, Wales Europe
80%
2002 - The Belfry, England Europe
80%
2006 - K Club, Ireland Europe
78%
2008 - Valhalla Golf Club, USA USA
78%
1979 - The Greenbrier, USA USA
78%
1997 - Valderrama Golf Club, Spain Europe
76%
1991 - Kiawah Island Golf Resort, USA USA
76%
1983 - PGA National Resort, USA USA
76%
1989 - The Belfry, England Europe
70%
1985 - The Belfry, England Europe
70%
1981 - Walton Heath Golf Club, England USA
48%
2004 - Oakland Hills Country Club, USA Europe
36%
1995 - Oak Hill Country Club, USA Europe
36%
1993 - The Belfry, England USA
36%
1987 - Muirfield Village, USA Europe
32%
No matching quizzes found
Score Distribution
Percent of People with Each Score
Percentile by Number Answered
Your Score History
You have not taken this quiz